Ross & Wilson anatomy and physiology in health and illness / (Record no. 8457)

MARC details
000 -LEADER
fixed length control field 01676cam a2200253 a 4500
020 ## - INTERNATIONAL STANDARD BOOK NUMBER
ISBN 9780702072765
020 ## - INTERNATIONAL STANDARD BOOK NUMBER
ISBN 9780702072840
020 ## - INTERNATIONAL STANDARD BOOK NUMBER
ISBN 9780702072772
050 #4 - CALL NUMBER
Classification number RT69.7
Item number .W35
100 1# - AUTHOR
Personal name Waugh, Anne.
245 10 - TITLE
Title Ross & Wilson anatomy and physiology in health and illness /
Statement of responsibility, etc Anne Waugh, BSc(Hons), MSc, CertEd, SRN, RNT, FHEA, Former Senior Teaching Fellow and Lecturer, School of Health and Social Care, Edinburgh Napier University, Edinburgh, UK, Allison Grant, BSc, PhD, FHEA, Lecturer, Department of Health and Life Sciences, Glasgow Caledonian University, Glasgow, UK ; illustrations by Richard Tibbitts, Antbits Limited.
250 ## - EDITION
Edition statement 14th edition.
260 ## - PUBLICATION INFORMATION
Place of publication London
Name of publisher Elsevier
Year of publication 2021
300 ## - DESCRIPTION
Number of Pages xix, 560 pages :
Other physical details color illustrations ;
Dimensions 28 cm.
500 ## - NOTES
General note Preceded by Ross and Wilson anatomy and physiology in health and illness / Anne Waugh, Allison Grant. 12th ed. 2014.
505 0# - FORMATTED CONTENTS NOTE
Table of Content The body and its constituents. Anatomy and organization of the body -- Physiological chemistry and processes ; Cells and tissues ; Communication. The blood ; The cardiovascular system ; The lymphatic system ; The nervous system ; The special senses ; The endocrine system -- Intake of raw materials and elimination of waste. The respiratory system ; Introduction to nutrition ; The digestive system ; The urinary system -- Protection and survival. The skin ; Resistance and immunity ; The musculoskeletal system ; Introduction to genetics ; The reproductive systems.
650 #0 - SUBJECTS
Topical Term Human anatomy.
650 #0 - SUBJECTS
Topical Term Human physiology.
650 #0 - SUBJECTS
Topical Term Pathology.
650 #0 - SUBJECTS
Topical Term Nursing.
700 1# - OTHER AUTHORS
Personal name Grant, Allison
942 ## - ADDED ENTRY ELEMENTS (KOHA)
Koha item type Books
Holdings
Withdrawn status Lost status Collection code Home library Current library Shelving location Date acquired Source of acquisition Cost, normal purchase price Full call number Accession Number Koha item type
    Reference Methodist University Library Main Methodist University Library Main General Stacks 12/08/2025 Purchased 170.00 RT69 .7 9110 Books
    Reference Methodist University Library Main Methodist University Library Main General Stacks 12/08/2025 Purchased 170.00 RT69 .7 9111 Books
Copyright © 2026  MUG Library